Superman - Statistics

General Stats
  • This quiz has been taken 433 times
  • The average score is 13 of 26
Answer Stats
Hint Answer % Correct
Superman's Human name Clark Kent
100%
Superman's Krypton name Kal-El
93%
Superman's Wife/Love interest Lois Lane
88%
Superman's home planet Krypton
87%
Superman's main weakness Kryptonite
83%
Superman's arch nemesis Lex Luthor
78%
Superman's Biological Dad Jor-El
74%
Superman's cousin Supergirl
67%
Kryptonian General General Zod
62%
Killed Superman Doomsday
59%
#3's Wife Martha Kent
58%
Superman's lesser known weakness (Zatanna uses it) Magic
50%
Superman's enemy who lives on apokolips Darkseid
46%
Superman's best friend Batman
41%
Superman's enemy who likes toys Toyman
41%
Superman's Biological Mum Lara Lor-Van
40%
Me am Superman Bizzaro
36%
Superman's Clone Superboy
35%
Superman's potential superman human lover Wonder Woman
35%
Superman's enemy that uses #12 and is a robot Metallo
31%
Half Superman, Half Cyborg Cyborg Superman
30%
Superman's enemy who absorbs energy Parasite
27%
Crime Syndicate Superman Ultraman
22%
Superman enemy/aboves father Genral Lane
17%
Can you say his name? Mr. Mxyzptlk
11%
Superman's adoptive father Jonathen Kent
5%
No matching quizzes found
Score Distribution
Percent of People with Each Score
Percentile by Number Answered
Your Score History
You have not taken this quiz